| 000 | 00375nam a22001457a 4500 | ||
|---|---|---|---|
| 020 | _a0134412052 | ||
| 040 | _cNust | ||
| 082 |
_a629.8312 _bRUG |
||
| 100 |
_aWilson J. Rugh _9128526 |
||
| 245 | _aLinear system theory | ||
| 250 | _a2nd edition | ||
| 260 |
_aNew Jersey: _bPrentice Hall Saddle River, _c1996. |
||
| 650 |
_aLinear system theory _9124046 |
||
| 942 |
_2ddc _cBK |
||
| 999 |
_c613474 _d613474 |
||